000 00811cam a22002531a 4500
001 he 66001265
003 DLC
005 20260227111440.0
008 820630s1888 gw 000 0 heb
010 _ahe 66001265
035 _a(OCoLC)8564996
040 _aDLC
_cNNHuC
_dDLC
042 _apremarc
050 0 0 _aPJ4556
_b.K55
100 1 _aKimḥi, Joseph,
_d1105?-1170?
245 1 0 _aSefer zikaron.
260 _aBerlin,
_c1888.
300 _axvi, 75, 8, 16 p. ;
_c23 cm.
500 _aAdded t.p.: Sepher sikkaron : Grammatik der hebräischen Sprache zum ersten Male / hrsg. von Wilhelm Bacher.
500 _aNotes by Jacob Reifmann on the author's Sefer ha-galui: 16 p. at end.
650 0 _aHebrew language
_xGrammar.
740 0 _aSepher sikkaron.
700 1 _aBacher, Wilhelm,
_d1850-1913,
_eed.
999 _c31851
_d31851